A laboratory manual of gas, oil and fuel analysis /

Bibliographic Details
Main Author: Engelder, Carl J. (Carl John), 1890-
Format: Book
Language:English
Published: New York : London : J. Wiley & Sons, inc.; Chapman & Hall, limited, 1931.
Subjects:

MARC

Tag First Indicator Second Indicator Subfields
LEADER 00000cam a2200000 4500
001 in00000099390
005 20150926125608.0
008 771014s1931 xx 00000 eng
010 |a  31021190  
035 |a (OCoLC)03343388 
035 |9 AAL3811AM 
040 |a DLC  |c OCP  |d TXA  |d UtOrBLW 
049 |a TXAM  |c [1127937] 
050 0 |a TP321  |b .E6 
082 0 |a 662.6 
100 1 |a Engelder, Carl J.  |q (Carl John),  |d 1890- 
245 1 2 |a A laboratory manual of gas, oil and fuel analysis /  |c by Carl J. Engelder. 
264 1 |a New York :  |b J. Wiley & Sons, inc.;  |a London :  |b Chapman & Hall, limited,  |c 1931. 
300 |a x, 236 pages including illustrations, tables, diagrams, forms. ;  |c 24 cm. 
336 |a text  |b txt  |2 rdacontent 
337 |a unmediated  |b n  |2 rdamedia 
338 |a volume  |b nc  |2 rdacarrier 
500 |a Pages of coordinate paper ([124] and [135]) 
504 |a "References" at end of part of the chapters. 
650 0 |a Gases  |x Analysis. 
650 0 |a Oils and fats  |x Analysis. 
650 0 |a Fuel  |x Analysis. 
999 |a MARS 
999 f f |s ddabaa78-e8c2-31ca-96ec-c17cd95e03c3  |i 333717f6-9b86-39a2-98cd-fc2c6c1afbf1  |t 0 
952 f f |p ric  |a Texas A&M University  |b Rellis Campus  |c Joint Library Facility  |d Remote Storage  |t 0  |e TP321 .E6  |h Library of Congress classification  |i unmediated -- volume  |m A14805604547 
998 f f |a TP321 .E6  |t 0  |l Remote Storage